|
|
|
|
| LEADER |
00000nam0a2200000 4500 |
| 001 |
39774 |
| 005 |
20231031011702.0 |
| 035 |
|
|
|a (RuTPU)RU\TPU\book\40649
|
| 090 |
|
|
|a 39774
|
| 100 |
|
|
|a 20020411d1984 m y0rusy50 ca
|
| 101 |
0 |
|
|a rus
|
| 102 |
|
|
|a RU
|
| 105 |
|
|
|a a j 001zy
|
| 200 |
1 |
|
|a Математическая статистика
|a Дополнительные главы
|e учебное пособие
|f А. А. Боровков
|
| 210 |
|
|
|a Москва
|c Наука
|d 1984
|
| 215 |
|
|
|a 143 с.
|c ил.
|
| 320 |
|
|
|a Библиогр.: с. 138-139.
|
| 320 |
|
|
|a Предм. указ.: с. 143.
|
| 610 |
1 |
|
|a математика
|
| 610 |
1 |
|
|a математическая статистика
|
| 610 |
1 |
|
|a статистические задачи
|
| 610 |
1 |
|
|a выборки
|
| 610 |
1 |
|
|a статистические игры
|
| 610 |
1 |
|
|a регрессия
|
| 610 |
1 |
|
|a дисперсионный анализ
|
| 610 |
1 |
|
|a достаточность
|
| 610 |
1 |
|
|a несмещенность
|
| 610 |
1 |
|
|a инвариантность
|
| 610 |
1 |
|
|a учебные пособия
|
| 675 |
|
|
|a 519.22(075.8)
|v 3
|
| 700 |
|
1 |
|a Боровков
|b А. А.
|g Александр Алексеевич
|
| 801 |
|
1 |
|a RU
|b 63413507
|c 20020411
|g PSBO
|
| 801 |
|
2 |
|a RU
|b 63413507
|c 20150209
|g PSBO
|
| 942 |
|
|
|c BK
|